| 000 | nam a22 7a 4500 | ||
|---|---|---|---|
| 999 |
_c153997 _d153995 |
||
| 005 | 20200204130158.0 | ||
| 008 | 200116b mx ||||| |||| 00| 0 spa d | ||
| 050 | 0 | 4 |
_aKGF3015 _bD47 2000 |
| 245 | 0 | 3 |
_aEl derecho de la información en el marco de la reforma del Estado en México _c/ coordinación general Beatriz Solis Leree ; edición Minerva Cruz Jiménez. |
| 250 | _a2a ed. | ||
| 260 |
_aMéxico : _bComisión de Radio, Televisión y Cinematografía : _bH. Cámara de Diputados, _c2000 |
||
| 300 |
_a478 p. ; _c22 cm. |
||
| 650 | 7 |
_2lemb _aLibertad de información _zMéxico |
|
| 650 | 7 |
_2lemb _aMedios masivos de comunicación _zMéxico |
|
| 700 | 1 |
_aSolis Leree, Beatriz, _ecoordinador |
|
| 700 | 1 |
_aCruz Jiménez, Minerva, _eeditor |
|
| 942 |
_2lcc _cLIB |
||